MARC

LEADER 00000nab a2200000 a 4500
001 vtls010493260
003 SK-MaSNL
005 20260318132918.0
008 130226|2013 xo m| 000 02hun
015 |a SNBRB2013/02 
038 |a DSZK 
040 |a DSZK  |b slo  |c DSZK  |e AACR2 
041 |a hun 
044 |a xo  |c SK 
080 |a 796.89.071.2  |x (437.6)  |2 2001 
100 1 |a Poór, Tibi  |4 aut  |9 1089980 
245 1 0 |a Világbajnokok vallomásai  |c [szerző] Poór Tibi 
300 |b Fotogr. 
600 1 7 |a Mazáč, Milan,  |c ml.  |d 1994-  |2 dszk  |9 1196418 
600 1 7 |a Szelle, Attila  |2 dszk  |9 1196419 
600 1 7 |a Horváth, Alexander  |2 dszk  |9 315678 
610 2 7 |a Gladiator club (Kvetoslavov, Slovensko)  |2 dszk  |9 1097494 
611 2 7 |a Majstrovstvá sveta v silovom trojboji  |d (2012 :  |c Herzberg, Nemecko)  |2 dszk  |9 1196420 
648 7 |a 2012  |2 dszk  |9 326619 
650 0 7 |a silový trojboj  |2 dszk  |9 58231 
650 0 7 |a Powerlifting  |2 dszk  |9 214101 
651 7 |a Kvetoslavov (Slovensko)  |2 dszk  |9 155405 
651 7 |a Herzberg (Nemecko)  |2 dszk  |9 154649 
651 7 |a Šamorín (Slovensko)  |2 dszk  |9 28925 
773 0 |t Klikk out  |g Sz. 2 (2013), o. 33 
852 |a DSZK  |b KIS3GCP 
958 |a HU 
958 |a SK 
999 |c 2082939  |d 2084869